|
|
|
|
| LEADER |
00000nam0a2200000 4500 |
| 001 |
215232 |
| 005 |
20231101225943.0 |
| 035 |
|
|
|a (RuTPU)RU\TPU\book\235133
|
| 090 |
|
|
|a 215232
|
| 100 |
|
|
|a 20120505d1989 m y0rusy50 ca
|
| 101 |
0 |
|
|a rus
|
| 102 |
|
|
|a RU
|
| 105 |
|
|
|a y z 001zy
|
| 200 |
1 |
|
|a Сборник задач по математической статистике
|e учебное пособие
|f Новосибирский государственный университет (НГУ) ; под ред. А. А. Боровикова
|
| 210 |
|
|
|a Новосибирск
|c [Б. и.]
|d 1989
|
| 215 |
|
|
|a 59 с.
|
| 320 |
|
|
|a Библиогр.: с. 57.
|
| 606 |
1 |
|
|a Математическая статистика
|2 stltpush
|3 (RuTPU)RU\TPU\subj\41210
|9 61018
|
| 610 |
1 |
|
|a математика
|
| 610 |
1 |
|
|a вариационные ряды
|
| 610 |
1 |
|
|a эмпирическое распределение
|
| 610 |
1 |
|
|a оценки
|
| 610 |
1 |
|
|a доверительные интервалы
|
| 610 |
1 |
|
|a гипотезы
|
| 610 |
1 |
|
|a хи-квадрат
|
| 610 |
1 |
|
|a задачи
|
| 610 |
1 |
|
|a решения
|
| 610 |
1 |
|
|a учебные пособия
|
| 675 |
|
|
|a 519.22(076)
|v 3
|
| 702 |
|
1 |
|a Боровиков
|b А. А.
|4 340
|
| 712 |
0 |
2 |
|a Новосибирский государственный университет (НГУ)
|2 stltpush
|3 (RuTPU)RU\TPU\col\721
|
| 801 |
|
1 |
|a RU
|b 63413507
|c 20120505
|
| 801 |
|
2 |
|a RU
|b 63413507
|c 20121115
|g RCR
|
| 942 |
|
|
|c BK
|